Der Zwang der habsburgischen Slaven zur Nationalität
| Titel: | Der Zwang der habsburgischen Slaven zur Nationalität |
|---|---|
| Verfasser: | |
| In: |
Ján Kollár a slovanská vzájomnosť, (2006), Seite 125-130 alle Artikel anzeigen |
| Veröffentlicht: | 2006 |
| Format: | Aufsatz |
| Sprache: | Slowakisch |
X
alg: 39271480 001A $01999:11-11-16 001B $01999:28-04-17 $t15:13:08.000 001D $01999:11-11-16 001U $0utf8 001X $00 002@ $0Aox 003@ $0392714809 007A $0392714809 $aHEB 007T $0Herdb06531 010@ $aslo 011@ $a2006 021A $aDer @Zwang der habsburgischen Slaven zur Nationalität 028A $aMoritsch $dAndreas 031A $h125-130 $j2006 039B $aIn $8--Aax--. Ján Kollár a slovanská vzájomnosť. - Bratislava : Spoločnosť pre dejiny a kultúru strednej a východnej Európy -Historický ústav SAV, 2006. - xxx S. $x200600000000000875 $9395440211 lok: 39271480 78 exp: 39271480 78 1 #EPN 201B/01 $008-01-20 $t22:36:20.000 201U/01 $0utf8 203@/01 $0788814168 208@/01 $a11-11-16 $be 209A/01 $a/ $f000 $x00 220C/01 $aHerkunft: Hú SAV Bratislava 244Z/01 $2Trx $#Slowakische Republik $#Szlovák Köztársaság $#Republika Słowacka $#Slovenská Republika $#Slovensko $#Slowakei $#Słowacja $#Slovensko $8--Trx--Slovenská Republika $x01 $9391345796 244Z/01 $#Kollár, János $#Kolar, Jan $#Kollar, Johann $#Kollár, Jan $#Kollár, Johannes $#Kollár, J. $#Kollár, Johann $7118777750 $8--Tp1--Kollár, Ján$Z1793-1852 $x02 $9087118394 244Z/01 $2Trx $#rahvused $#tautybės $#nationalities $#nemzetiségek $#narodowości $#národnosti $#národnosti $#Nationalitätenkonflikte $#konflikty narodowościowe $#konflikty národnostné $#otázka národnostní $8--Trx--Nationalitäten $x03 $9391381296 244Z/01 $2Trx $#Habsburgeri monarhia $#Habsburgų monarchija $#Habsburgian monarchy $#Habsburgmonarchia $#monarchia habsburska $#Habsburská monarchia $#Habsburská monarchie $8--Trx--Habsburgermonarchie $x04 $9391359606 244Z/01 $2Trx $#slaavlased $#slavai $#Slavs $#szlávok $#Słowianie $#Slovania $#Slované $#Wenden $#Slaven $#Slovinci,Vindi $8--Trx--Slawen $x05 $9391383647 244Z/01 $2Trx $8--Trx--Zeitschriftenaufsatz $x06 $9391384341 247C/01 $82080>Marburg/Lahn, Herder-Institut, Forschungsbibliothek, Bibliographieportal $9336309341
| LEADER | 00000caa a22000002c 4500 | ||
|---|---|---|---|
| 001 | 392714809 | ||
| 003 | DE-603 | ||
| 005 | 20170428151308.0 | ||
| 007 | tu | ||
| 008 | 161111s2006 xx |||| | u00||u|slo c | ||
| 035 | |a (DE-599)HEB392714809 | ||
| 040 | |a DE-603 |b ger |c DE-603 |d DE-603 | ||
| 041 | |a slo | ||
| 100 | 1 | |a Moritsch, Andreas | |
| 245 | 0 | 0 | |a Der Zwang der habsburgischen Slaven zur Nationalität |
| 264 | 0 | |c 2006 | |
| 773 | 0 | 8 | |i In |t Ján Kollár a slovanská vzájomnosť |d Bratislava : Spoločnosť pre dejiny a kultúru strednej a východnej Európy -Historický ústav SAV, 2006 |h xxx S. |g (2006), Seite 125-130 |w (DE-603)395440211 |
| 924 | 0 | |9 2080 |a (DE-603)788814168 |b DE-2080 |c HES |d d |g / | |


